00340nam a2200121Ia 4500008004100000020002200041041000800063082002400071100003800095245004900133260002700182300000900209230314s9999 xx 000 0 und d a978-93-86896-72-8 aeng aF/610.73/FRA/DB0952 aFransis Celestina & Misra Kritika aNursing Foundations for BSc Nursing Students bLotusaJalandharc2022 a360p